All Bruno Mars' Songs - Statistics

General Stats
  • This quiz has been taken 148 times
  • The average score is 25 of 59
Answer Stats
Answer % Correct
24K Magic
93%
Grenade
87%
The Lazy Song
82%
Die With a Smile
78%
Leave the Door Open
74%
When I Was Your Man
73%
Just the Way You Are
72%
That's What I Like
71%
Treasure
71%
Talking to the Moon
70%
Locked Out of Heaven
69%
Marry You
69%
Versace on the Floor
64%
Count On Me
62%
Finesse
60%
Uptown Funk
59%
Runaway Baby
56%
Gorilla
55%
It Will Rain
55%
Billionaire
50%
Smokin out the Window
50%
Perm
49%
Skate
49%
Chunky
47%
Please Me
45%
777
43%
Natalie
43%
Liquor Store Blues
41%
Love
40%
Too Good to Say Goodbye
40%
Calling All My Lovelies
39%
Nothin On You
39%
Young Girls
39%
After Last Night
36%
Fly as Me
35%
Love's Train
34%
Wake Up in the Sky
34%
Somewhere in Brooklyn
33%
Straight Up & Down
33%
If I Knew
32%
Moonshine
31%
Silk Sonic Intro
31%
The Other Side
31%
Young, Wild & Free
31%
Money Make Her Smile
30%
Blast Off
29%
Our First Time
29%
Put On a Smile
29%
Show Me
28%
Blow
26%
Lighters
24%
Mirror
22%
Old & Crazy
12%
Bubble Butt
9%
Welcome Back
5%
Can't Come Back to Me
3%
This Is My Love
2%
Sugar, Cocoa and Honey
1%
Walls Come Down
0%
No matching quizzes found
Score Distribution
Percent of People with Each Score
Percentile by Number Answered
Your Score History
You have not taken this quiz